00423nam a2200133Ia 4500008004100000082001300041100003700054245009800091260003900189300001000228520001100238650001800249700002200267230907s9999||||xx |||||||||||||| ||und|| a620bOSA aOsama Bin Muzaffar (00000204892) 0aDesign and Analysis of Synchronverter based Virtual Inertia Control for Hybrid Power Plants / aUSPCAS-E, NUST,bIslamabad :c2021 a51 p. aTH-279 aMS-ESE Thesis aDr Abasin Ulasyar